Seven Deadly Sins ;) - Statistics

General Stats
  • This quiz has been taken 705 times
  • The average score is 6 of 7
Answer Stats
Hint Answer % Correct
1 Lust
88%
2 Greed
86%
6 Gluttony
85%
7 Sloth
83%
5 Pride
81%
3 Wrath
81%
4 Envy
80%
No matching quizzes found
Score Distribution
Percent of People with Each Score
Percentile by Number Answered
Your Score History
You have not taken this quiz